<?xml version="1.0" encoding="UTF-8"?>
<record
    xmlns:xsi="http://www.w3.org/2001/XMLSchema-instance"
    xsi:schemaLocation="http://www.loc.gov/MARC21/slim http://www.loc.gov/standards/marcxml/schema/MARC21slim.xsd"
    xmlns="http://www.loc.gov/MARC21/slim">

  <leader>01086nam a2200253 a 4500</leader>
  <controlfield tag="001">BRCA_1629</controlfield>
  <controlfield tag="005">20190320203502.0</controlfield>
  <controlfield tag="008">000802s1999    sp-a---##b---#000-0#spa-d</controlfield>
  <datafield tag="020" ind1=" " ind2=" ">
    <subfield code="a">8477826455</subfield>
  </datafield>
  <datafield tag="040" ind1=" " ind2=" ">
    <subfield code="a">I5B</subfield>
    <subfield code="b">spa</subfield>
    <subfield code="c">I5B</subfield>
    <subfield code="d">PL#</subfield>
  </datafield>
  <datafield tag="050" ind1=" " ind2="4">
    <subfield code="a">D180.5</subfield>
    <subfield code="b">.C37 1999</subfield>
  </datafield>
  <datafield tag="245" ind1="1" ind2="0">
    <subfield code="a">Carolus V Imperator</subfield>
    <subfield code="c">Fernando Chueca Goitia ... [et al.] ; edici&#xF3;n a cargo de Pedro Navascu&#xE9;s Palacio ; pr&#xF3;logo de Geoffrey Parker ; coordinaci&#xF3;n fotogr&#xE1;fica de Ana Mar&#xED;a Chagra.</subfield>
  </datafield>
  <datafield tag="260" ind1=" " ind2=" ">
    <subfield code="a">Barcelona</subfield>
    <subfield code="b">Lunwerg</subfield>
    <subfield code="c">1999</subfield>
  </datafield>
  <datafield tag="300" ind1=" " ind2=" ">
    <subfield code="a">457 p.</subfield>
    <subfield code="b">il. a color</subfield>
    <subfield code="c">30 cm.</subfield>
    <subfield code="e">1 vol. en ingl&#xE9;s : p. 69</subfield>
  </datafield>
  <datafield tag="504" ind1=" " ind2=" ">
    <subfield code="a">Incluye referencias bibliogr&#xE1;ficas</subfield>
  </datafield>
  <datafield tag="600" ind1="1" ind2="4">
    <subfield code="a">Carlos</subfield>
    <subfield code="b">V</subfield>
    <subfield code="c">Emperador del Sacro Imperio Romano</subfield>
    <subfield code="d">1500-1558</subfield>
    <subfield code="v">Biograf&#xED;a</subfield>
    <subfield code="9">5095</subfield>
  </datafield>
  <datafield tag="600" ind1="1" ind2="4">
    <subfield code="a">Carlos</subfield>
    <subfield code="b">V</subfield>
    <subfield code="c">Emperador de Alemania</subfield>
    <subfield code="d">1500-1558</subfield>
    <subfield code="x">Biograf&#xED;a</subfield>
    <subfield code="9">5096</subfield>
  </datafield>
  <datafield tag="650" ind1="1" ind2="4">
    <subfield code="a">Reyes y soberanos</subfield>
    <subfield code="v">Biograf&#xED;as</subfield>
    <subfield code="y">Siglo XVI</subfield>
    <subfield code="z">Espa&#xF1;a</subfield>
    <subfield code="9">5097</subfield>
  </datafield>
  <datafield tag="650" ind1="1" ind2="4">
    <subfield code="a">Reyes y nobles</subfield>
    <subfield code="v">Biograf&#xED;as</subfield>
    <subfield code="y">Siglo XVI</subfield>
    <subfield code="z">Espa&#xF1;a</subfield>
    <subfield code="9">5098</subfield>
  </datafield>
  <datafield tag="700" ind1="1" ind2=" ">
    <subfield code="a">Chueca Goitia, Fernando</subfield>
    <subfield code="9">5099</subfield>
  </datafield>
  <datafield tag="700" ind1="1" ind2=" ">
    <subfield code="a">Navascu&#xE9;s Palacio, Pedro</subfield>
    <subfield code="9">5100</subfield>
  </datafield>
  <datafield tag="700" ind1="1" ind2=" ">
    <subfield code="a">Parker, Geoffrey</subfield>
    <subfield code="9">5101</subfield>
  </datafield>
  <datafield tag="942" ind1=" " ind2=" ">
    <subfield code="2">lcc</subfield>
    <subfield code="c">B</subfield>
  </datafield>
  <datafield tag="999" ind1=" " ind2=" ">
    <subfield code="c">1434</subfield>
    <subfield code="d">1434</subfield>
  </datafield>
  <datafield tag="952" ind1=" " ind2=" ">
    <subfield code="0">0</subfield>
    <subfield code="1">0</subfield>
    <subfield code="4">0</subfield>
    <subfield code="7">0</subfield>
    <subfield code="a">BRCA</subfield>
    <subfield code="b">BRCA</subfield>
    <subfield code="d">2008-06-27</subfield>
    <subfield code="l">0</subfield>
    <subfield code="o">D180.5 .C37 1999</subfield>
    <subfield code="p">02202</subfield>
    <subfield code="r">2019-03-22 00:00:00</subfield>
    <subfield code="w">2019-03-22</subfield>
    <subfield code="y">B</subfield>
  </datafield>
</record>
